World Capitals without a List - Statistics

General Stats
  • This quiz has been taken 65 times
  • The average score is 142 of 196
Answer Stats
Answer % Correct
Berlin
92%
Cairo
92%
Dublin
92%
Algiers
88%
Athens
88%
Brussels
88%
Copenhagen
88%
London
88%
Madrid
88%
Prague
88%
Rome
88%
San Marino
88%
Stockholm
88%
Washington D.C.
88%
Abu Dhabi
83%
Ankara
83%
Astana
83%
Bern
83%
Brasília
83%
Buenos Aires
83%
Canberra
83%
Guatemala City
83%
Helsinki
83%
Lisbon
83%
Moscow
83%
Ottawa
83%
Paris
83%
Pretoria / Cape Town / Bloemfontein
83%
Tunis
83%
Vienna
83%
Abuja
79%
Amsterdam
79%
Andorra la Vella
79%
Asunción
79%
Baku
79%
Bangkok
79%
Bogotá
79%
Bratislava
79%
Bucharest
79%
Doha
79%
Funafuti
79%
Havana
79%
Islamabad
79%
Kyiv
79%
La Paz / Sucre
79%
Lima
79%
Luxembourg
79%
Managua
79%
Maputo
79%
Mexico City
79%
Oslo
79%
Quito
79%
Reykjavík
79%
Riga
79%
Santiago
79%
Tallinn
79%
Tbilisi
79%
Tokyo
79%
Vaduz
79%
Vatican City
79%
Wellington
79%
Amman
75%
Antananarivo
75%
Ashgabat
75%
Asmara
75%
Baghdad
75%
Beirut
75%
Belmopan
75%
Budapest
75%
Caracas
75%
Damascus
75%
Freetown
75%
Georgetown
75%
Jerusalem
75%
Kingston
75%
Kingstown
75%
Luanda
75%
Minsk
75%
Monaco
75%
Montevideo
75%
New Delhi
75%
Nicosia
75%
Port-au-Prince
75%
Rabat
75%
Riyadh
75%
San José
75%
San Salvador
75%
Seoul
75%
Singapore
75%
Ulaanbaatar
75%
Warsaw
75%
Accra
71%
Addis Ababa
71%
Bandar Seri Begawan
71%
Belgrade
71%
Bishkek
71%
Bridgetown
71%
Castries
71%
Chișinău
71%
Dakar
71%
Djibouti
71%
Dodoma
71%
Gaborone
71%
Harare
71%
Jakarta
71%
Juba
71%
Kabul
71%
Kampala
71%
Kuwait City
71%
Manila
71%
Muscat
71%
Nassau
71%
Niamey
71%
Panama City
71%
Paramaribo
71%
Podgorica
71%
Port Moresby
71%
Port Vila
71%
Pristina
71%
Roseau
71%
Sofia
71%
Tashkent
71%
Tehran
71%
Tripoli
71%
Vilnius
71%
Windhoek
71%
Yerevan
71%
Zagreb
71%
Apia
67%
Bamako
67%
Banjul
67%
Basseterre
67%
Brazzaville
67%
Dili
67%
Dushanbe
67%
Hanoi
67%
Honiara
67%
Kathmandu
67%
Khartoum
67%
Kuala Lumpur
67%
Ljubljana
67%
Lusaka
67%
Majuro
67%
Malé
67%
Manama
67%
Mbabane
67%
Mogadishu
67%
Nairobi
67%
Phnom Penh
67%
Port-of-Spain
67%
Saint John's
67%
Sana'a
67%
Santo Domingo
67%
São Tomé
67%
Sarajevo
67%
Skopje
67%
Tegucigalpa
67%
Tirana
67%
Valletta
67%
Victoria
67%
Vientiane
67%
Yaren
67%
Bangui
63%
Beijing
63%
Dhaka
63%
Kigali
63%
Kinshasa
63%
Lilongwe
63%
Lomé
63%
Monrovia
63%
Moroni
63%
Palikir
63%
Port Louis
63%
Porto-Novo / Cotonou
63%
Pyongyang
63%
Saint George's
63%
South Tarawa
63%
Sri Jayawardenepura Kotte
63%
Suva
63%
Taipei
63%
Thimphu
63%
Yaoundé
63%
Bissau
58%
Gitega
58%
Libreville
58%
Malabo
58%
Maseru
58%
N'Djamena
58%
Ngerulmud
58%
Nouakchott
58%
Nukuʻalofa
58%
Ouagadougou
58%
Praia
58%
Conakry
54%
Naypyidaw
54%
Yamoussoukro
50%
No matching quizzes found
Score Distribution
Percent of People with Each Score
Percentile by Number Answered
Your Score History
You have not taken this quiz